MDQL
is popping MORE tags! Check the
thread
!
Quizzes
Events
Quiz Creation
Community
Videos
Private Events
Remove Ads
Sign In
Join for FREE
Feedback
Dark Mode
Quiz Categories
Sports
Geography
Music
Movies
Television
Just For Fun
Miscellaneous
History
Literature
Language
Science
Gaming
Entertainment
Religion
Holiday
For Kids
Quiz Lab
Recent
Popular Today
Quiz Kudos Today
Editor Picks
Curator Picks
Quizzes by...
Day
Popularity
Type
Ratings
Length
Year
Community
Subscriptions
Recent Discussions
Orange Saloon
Badges
Playlists
Quests
Create
Leaderboards
Showdown
Live 5
Trivia Bingo
Activity
Puzzle Library
Sporcle Events
Private Events
Virtual Trivia
Globe League
Become a Host
Pub Owners
SporcleCon
Opinionation
Our Games
Videos
Blog
Mobile Apps
Partnerships
Remove Ads and Go Orange
Feedback
Sports
Athletes
MLB
NBA
NHL
NFL
Soccer
Sports Teams
WWE
NCAA
Football
Premier League
Basketball
Baseball
Hockey
Golf
Tennis
Cricket
Rugby
Auto Racing
Olympics
World Cup
Sports
Athletes
MLB
NBA
NHL
NFL
Soccer
Sports Teams
WWE
NCAA
Football
Premier League
Basketball
Baseball
Hockey
Golf
Tennis
Cricket
Rugby
Auto Racing
Olympics
World Cup
Random Quiz
Search Sporcle
×
Quiz Lab
Quiz Lab
Sports
Driver
Type in answers that appear in a list
Type in answers that appear in a list
Classic
Best Score? Go Orange.
Formula One Drivers (1964 Season) Stats
Can you name the Formula One Drivers (1964 Season)?
By
dxx91
6m
43 Questions
235 Plays
235 Plays
235 Plays
Comments
Comments
Give Quiz Kudos
Give Quiz Kudos
-
- Ratings
hide this ad
Replay
Link that replays current quiz
Next Quiz
Link to next quiz in quiz playlist
You Got
0%
They Got
Avg Score
82%
Avg Friend Score
Upgrade to see
Score Distribution
Jump to the score distribution portion of the page
Score
0/43
Timer
06:00
0
Plays Today
Team
Driver
% Correct
Owen Racing Organisation
Graham Hill
97.9%
Cooper Car Company
Phil Hill
97.9%
Team Lotus
Jim Clark
97.4%
Brabham Racing Organisation
Jack Brabham
97%
Scuderia Ferrari SpA SEFAC/
North American Racing Team
John Surtees
96.6%
Cooper Car Company
Bruce McLaren
95.3%
Scuderia Ferrari SpA SEFAC/
North American Racing Team
Pedro Rodríguez
94.9%
Brabham Racing Organisation
Dan Gurney
94.5%
R.R.C. Walker Racing Team
Jo Bonnier
94.5%
R.R.C. Walker Racing Team
Jo Siffert
94.5%
Siffert Racing Team
Jo Siffert
94.5%
Scuderia Ferrari SpA SEFAC/
North American Racing Team
Lorenzo Bandini
94%
Revson Racing
Peter Revson
92.8%
Reg Parnell Racing
Peter Revson
92.8%
Owen Racing Organisation
Richie Ginther
92.3%
Reg Parnell Racing
Chris Amon
91.1%
Scuderia Ferrari SpA SEFAC/
North American Racing Team
Ludovico Scarfiotti
90.6%
R.R.C. Walker Racing Team
Jochen Rindt
89.8%
Cooper Car Company
John Love (DNQ Italian GP)
88.1%
British Racing Partnership
Innes Ireland
85.5%
Scuderia Centro Sud
Giancarlo Baghetti
85.5%
(private) BRM
Maurice Trintignant
85.1%
Team
Driver
% Correct
Ecurie Maarsbergen
Carel Godin de Beaufort
83.8%
British Racing Partnership
Trevor Taylor
83.4%
Scuderia Centro Sud
Tony Maggs
83.4%
Bob Gerard Racing
John Taylor
83.4%
Ian Raby Racing
Ian Raby
83.4%
Team Lotus
Moisés Solana
82.1%
Team Lotus
Peter Arundell
81.3%
Honda R & D Company
Ronnie Bucknum
80.9%
Team Lotus
Gerhard Mitter
79.6%
Equipe Scirocco Belge
André Pilette
76.2%
Derrington-
Francis Racing Team
Mário de Araújo Cabral
75.3%
Reg Parnell Racing
Mike Hailwood
73.6%
(private) Lotus
Bertrand Collomb (DNQ Monaco GP)
70.2%
John Willment Automobiles
Frank Gardner
66.8%
DW Racing Enterprises
Bob Anderson
65.5%
R.R.C. Walker Racing Team
Edgar Barth
62.6%
R.R.C. Walker Racing Team
Hap Sharp
60%
Team Lotus
Mike Spence
56.2%
Fabre Urbain
Jean-Claude Rudaz (DNQ Italian GP)
56.2%
R.R.C. Walker Racing Team
Giacomo Russo 'Geki' (DNQ Italian GP)
55.3%
Team Lotus
Walt Hansgen
49.8%
Quiz Playlist
Details
Report
Send in Message
Add To Playlist
Classic:
Type in answers that appear in a list
Quiz Source
Last Updated: Feb 16, 2017
Quiz Scoreboard
CHALLENGE
Sign Up to Join the Scoreboard
Show All
Scores
Hide
Comments
May contain spoilers
Recently Published
1-10 Letter E Words III
by El_Dandy
Language
2m
Street Fighter Characters
by Artimus82
Gaming
60s
College Basketball Coaching Resumes
by pancakes188
Sports
9m
More to Explore
Quiz From the Vault
Featured Blog Post
Where Did the Easter Bunny Come From?
hide this ad
You Might Also Like...
Tags
1964
Driver
F1 Drivers
Formula 1
Today's Top Quizzes in Sports
Browse Sports
hide this ad
Today's Top Quizzes in Driver
Browse Driver
Top Contributed Quizzes in Sports
1
2022 World Cup Stars
2
Les meilleurs buteurs des matchs entre le PSG et l’OM
3
FIFA Club World Cup Champions
4
Les entraîneurs de l'OM et du PSG au 21e siècle
5
Criteria MLB: Left Handed Sluggers
6
2023 MLB Unique Player Accomplishments
7
AFC Teams Reveal (Wrong Answers Minefield)
8
Players with Multiple 50 Home Run Seasons
9
5-to-1: FBS Animal Nicknames
10
5-to-1: UK Sports Teams
Explore More
Trending Topics
Harry Potter
Crossword
Anime
NBA
Kpop
Disney
Marvel
Song
Country
WWE
Pokémon
NFL
Soccer
The Office
Puzzle
hide this ad
More By:
dxx91
Quiz
Plays
Rating
Category
Featured
Created
Formula One Drivers (2007 Season)
918
4.67
Sports
Feb 6, 2017
Formula One Drivers (2016 Season)
860
5.00
Sports
Feb 10, 2017
Formula One Drivers (1999 Season)
796
5.00
Sports
Feb 3, 2017
FIFA World Cup: Poland XIs
773
5.00
Sports
Feb 3, 2017
Formula One Drivers (2009 Season)
707
5.00
Sports
Feb 8, 2017
Go to Creator's Profile
Score Distribution
Quiz Creator Spotlight
dxx91
Follow
Send a Message
Quizzes Created
-
Created Quiz Play Count
-
More By This Creator
Popular Quizzes Today
1
Find the US States - No Outlines Minefield
2
Find the Countries of Europe - No Outlines Minefield
3
The Countries of the World
4
Find the US States
5
Risky Map Clicking: Biggest States A-Z
6
US States
7
Popular People in 1961
8
Movies - When Are They Set?
More Sports Quizzes
Most Matches Won (Australian Open)
Published
Trending Quizzes
Risky Map Clicking: Least Populous States A-Z
Billboard Blitz: Aretha Franklin
1-10 Letter G Words
Countries of the World: 200 Million BC
1-10 Letter F Words
Recently Updated
Leaping Animals
pecheneg
Reality TV Shows (A-Z)
bhenderson79
Rickey Henderson's Hall of Fame Teammates
pecheneg
Champions League XIs: Arsenal
pecheneg
Quick Pick: Celebrities in WWE's Hall of Fame
aduchscher
A-Z Keypad Blitz II
pecheneg
Multiple Oscar Actors
pecheneg
Mystery Phrase Blitz: Oscar 'Best Actors'
pecheneg
F. Scott Fitzgerald Novels
LTH
Pick 3 Villains
ddd62291
Trending Topics
NBA
Kpop
Anime
Marvel
Disney
Harry Potter
Crossword
NFL
The Office
Pokémon
Song
Puzzle
Soccer
Country
WWE
Your Account Isn't Verified!
In order to create a playlist on Sporcle, you need to verify the email address you used during registration. Go to your
Sporcle Settings
to finish the process.
Report this User
Report this user for behavior that violates our
Community Guidelines
.
Details:
Send Report
Go to the Sporcle.com Mobile Site →
Comments